Soixante ans de Constitution financière et fiscale : réflexions sur les développements du constitutionnalisme financier en France (notice n° 1616107)

détails MARC
000 -LEADER
fixed length control field 00867cam a2200241 4500500
005 - DATE AND TIME OF LATEST TRANSACTION
control field 20260111080300.0
041 ## - LANGUAGE CODE
Language code of text/sound track or separate title fre
042 ## - AUTHENTICATION CODE
Authentication code dc
100 10 - MAIN ENTRY--PERSONAL NAME
Personal name Oliva, Éric
Relator term author
245 00 - TITLE STATEMENT
Title Soixante ans de Constitution financière et fiscale : réflexions sur les développements du constitutionnalisme financier en France
260 ## - PUBLICATION, DISTRIBUTION, ETC.
Date of publication, distribution, etc. 2018.<br/>
500 ## - GENERAL NOTE
General note 68
690 ## - LOCAL SUBJECT ADDED ENTRY--TOPICAL TERM (OCLC, RLIN)
Topical term or geographic name as entry element administrations publiques
690 ## - LOCAL SUBJECT ADDED ENTRY--TOPICAL TERM (OCLC, RLIN)
Topical term or geographic name as entry element Conseil constitutionnel
690 ## - LOCAL SUBJECT ADDED ENTRY--TOPICAL TERM (OCLC, RLIN)
Topical term or geographic name as entry element Constitution
690 ## - LOCAL SUBJECT ADDED ENTRY--TOPICAL TERM (OCLC, RLIN)
Topical term or geographic name as entry element finances locales
690 ## - LOCAL SUBJECT ADDED ENTRY--TOPICAL TERM (OCLC, RLIN)
Topical term or geographic name as entry element finances publiques
690 ## - LOCAL SUBJECT ADDED ENTRY--TOPICAL TERM (OCLC, RLIN)
Topical term or geographic name as entry element finances sociales
690 ## - LOCAL SUBJECT ADDED ENTRY--TOPICAL TERM (OCLC, RLIN)
Topical term or geographic name as entry element préambule de 1789
690 ## - LOCAL SUBJECT ADDED ENTRY--TOPICAL TERM (OCLC, RLIN)
Topical term or geographic name as entry element principes budgétaires
786 0# - DATA SOURCE ENTRY
Note Gestion & Finances Publiques | 6 | 6 | 2018-11-30 | p. 100-105 | 1969-1009
856 41 - ELECTRONIC LOCATION AND ACCESS
Uniform Resource Identifier <a href="https://droit.cairn.info/revue-gestion-et-finances-publiques-2018-6-page-100?lang=fr&redirect-ssocas=7080">https://droit.cairn.info/revue-gestion-et-finances-publiques-2018-6-page-100?lang=fr&redirect-ssocas=7080</a>

Pas d'exemplaire disponible.

PLUDOC

PLUDOC est la plateforme unique et centralisée de gestion des bibliothèques physiques et numériques de Guinée administré par le CEDUST. Elle est la plus grande base de données de ressources documentaires pour les Étudiants, Enseignants chercheurs et Chercheurs de Guinée.

Adresse

627 919 101/664 919 101

25 boulevard du commerce
Kaloum, Conakry, Guinée

Réseaux sociaux

Powered by Netsen Group @ 2025